[Event "Memorial Y. Voroniatov (open)"]
[Site "masterchessopen.com – Nizhnij Novgorod (Russia)"]
[Round "3"]
[White "Gavrilov Nikolay S (RUS)"]
[Black "Maershina Arina (RUS)"]
[Result "1-0"]
[WhiteElo "2045"]
[BlackElo "1729"]

1.c4 c5 2.Nf3 Nc6 3.d4 cxd4 4.Nxd4 g6 5.e4 Bg7 6.Be3 Nf6 7.Nc3 d6 8.Be2 O-O
9.O-O a6 10.Kh1 Qc7 11.Nc2 Ne5 12.b3 Nc6 13.Qd2 Qa5 14.Rad1 Ng4 15.Na4 Nxe3
16.Qxa5 Nxa5 17.Nxe3 Nc6 18.Nb6 Rb8 19.Nc2 Bb2 20.h3 Rd8 21.f4 {#r} 1-0

[Event "Ch Hungary (juniors) (under 12)"]
[Site "masterchessopen.com – Budapest (Hungary)"]
[Date "2010.06.29"]
[Round "4"]
[White "Miko Akos (HUN)"]
[Black "Horanyi Balazs (HUN)"]
[Result "1-0"]
[WhiteElo "1579"]
[BlackElo "1418"]

1.e4 c5 2.Nf3 Nc6 3.d4 cxd4 4.Nxd4 g6 5.c4 Bg7 6.Be3 Nf6 7.f3 d6 8.Nc3 O-O
9.Qd2 Qa5 10.a3 Bd7 11.b4 Nxb4 12.Nb3 Nc2+ 13.Qxc2 Qa6 14.Be2 Be6 15.c5 Qc6
16.Nd4 Qc7 17.Nxe6 fxe6 18.O-O dxc5 19.Rab1 b6 20.Qb3 Qd6 21.Rfd1 Qc6 22.Bb5
Qc8 23.e5 Ne8 24.Bd7 {#r} 1-0

[Event "Ch Finland (team) 2010/11"]
[Site "masterchessopen.com – Finland"]
[Date "2010.09.17"]
[Round "2"]
[White "Koykka Pekka (FIN)"]
[Black "Pelto Juho (FIN)"]
[Result "0-1"]
[WhiteElo "2162"]
[BlackElo "2037"]

1.e4 c5 2.Nf3 Nc6 3.d4 cxd4 4.Nxd4 g6 5.c4 Bg7 6.Be3 Nf6 7.Nc3 O-O 8.Nc2 d6
9.Be2 Nd7 10.Bd2 Nc5 11.f3 f5 12.b4 Ne6 13.exf5 Rxf5 14.O-O Nf4 15.b5 Nd4
16.Nxd4 Bxd4+ 17.Kh1 e5 18.Rc1 Qg5 19.Bxf4 Qxf4 20.Ne4 Rh5 21.h3 Bxh3 22.Nf6+
Qxf6 23.gxh3 Rxh3+ 24.Kg2 Qh4 {#R} 0-1

[Event "It (active)"]
[Site "masterchessopen.com – Harjumaa (Estonia)"]
[Date "2010.11.28"]
[Round "30"]
[White "Sepp Olav (EST)"]
[Black "Kiik Kalle (EST)"]
[Result "1-0"]
[WhiteElo "2485"]
[BlackElo "2421"]

1.Nf3 c5 2.c4 g6 3.d4 cxd4 4.Nxd4 Bg7 5.e4 Nc6 6.Be3 Nf6 7.Nc3 O-O 8.Be2 b6
9.Qd2 Bb7 10.f3 e6 11.Rd1 Rc8 12.O-O Ne5 13.Ndb5 d5 14.cxd5 a6 15.Na7 Rxc3
16.bxc3 exd5 17.Qb2 Ned7 18.a4 Re8 19.Bd4 dxe4 20.fxe4 Nxe4 21.Bc4 Nd6 22.Ba2
{#r} 1-0

[Event "Tournament \"]
[Site "masterchessopen.com – St. Petersburg (Russia)"]
[Date "2011.03.25"]
[Round "3"]
[White "Boytsov Alexander (RUS)"]
[Black "Balichev Andrey (RUS)"]
[Result "1-0"]
[WhiteElo "1913"]
[BlackElo "1689"]

1.e4 c5 2.Nf3 g6 3.c4 Bg7 4.d4 cxd4 5.Nxd4 Nc6 6.Be3 Nf6 7.Nc3 O-O 8.Be2 d6
9.O-O Bd7 10.Rc1 Ne5 11.h3 Rc8 12.b3 a6 13.f4 Nc6 14.Bf3 Qc7 15.g4 Qb6 16.Nf5
Qa5 17.Nxg7 Kxg7 18.Rf2 Rb8 19.Qd2 Rh8 20.f5 Ne5 21.Bh6+ Kg8 22.g5 {#r} 1-0

[Event "Ch Portugal (juniors) (under 18)"]
[Site "masterchessopen.com – Torres Vedras (Portugal)"]
[Date "2011.04.13"]
[Round "6"]
[White "Ulyanovskyy Vladimir Viktorovic (POR)"]
[Black "Goulao G"]
[Result "1-0"]
[WhiteElo "2085"]
[BlackElo "1871"]

1.e4 c5 2.Nf3 Nc6 3.c4 g6 4.d4 cxd4 5.Nxd4 Bg7 6.Be3 Nf6 7.Nc3 O-O 8.Be2 d6
9.Qd2 a6 10.O-O Qa5 11.f3 Nxd4 12.Bxd4 Be6 13.Rfd1 Rfc8 14.b3 Nd7 15.Bxg7 Kxg7
16.Rac1 Qc5+ 17.Kh1 h5 18.f4 Nf6 19.Na4 Qa7 20.Bf3 Ng4 21.c5 dxc5 22.f5 Rd8
23.Qb2+ {#r} 1-0

[Event "It (open)"]
[Site "masterchessopen.com – Maceio (Brazil)"]
[Date "2011.05.27"]
[Round "3"]
[White "Lima Carlos"]
[Black "Correia Max"]
[Result "1-0"]
[WhiteElo "2083"]
[BlackElo "1950"]

1.e4 c5 2.Nf3 Nc6 3.d4 cxd4 4.Nxd4 g6 5.c4 Bg7 6.Be3 Nf6 7.Nc3 O-O 8.Be2 d6
9.O-O Bd7 10.Rc1 Nxd4 11.Bxd4 Bc6 12.f3 Qd7 13.Re1 b6 14.Qd2 h5 15.Nd5 Ne8
16.Rcd1 Rd8 17.Qg5 Bxd5 18.exd5 Kh7 19.Bf1 Bxd4+ 20.Rxd4 Nf6 21.Rh4 {#r} 1-0

[Event "It (open) (b)"]
[Site "masterchessopen.com – Dresden (Germany)"]
[Date "2011.08.06"]
[Round "1"]
[White "Barz H"]
[Black "Leimeister Winfried (GER)"]
[Result "1-0"]
[WhiteElo "2031"]
[BlackElo "1918"]

1.e4 c5 2.Nf3 g6 3.d4 cxd4 4.Nxd4 Bg7 5.c4 Nc6 6.Be3 Nf6 7.Nc3 Qa5 8.Nb3 Qc7
9.Be2 d6 10.Rc1 O-O 11.O-O b6 12.Bg5 Qb7 13.f4 h6 14.Bh4 Qd7 15.Bf3 Rb8 16.Nd5
Nh7 17.Qd2 Re8 18.a3 e5 19.Bf2 Nf6 20.Nb4 Ng4 21.Bxg4 Qxg4 22.Nxc6 {#r} 1-0

[Event "It (open) (c)"]
[Site "masterchessopen.com – Mislata (Spain)"]
[Date "2011.08.16"]
[Round "3"]
[White "Santamaria Peris Juan Jose (ESP)"]
[Black "Guillem Mora Carlos (ESP)"]
[Result "1-0"]
[WhiteElo "1822"]
[BlackElo "1737"]

1.e4 c5 2.Nf3 Nc6 3.d4 cxd4 4.Nxd4 g6 5.c4 Bg7 6.Be3 Nf6 7.Nc3 O-O 8.Be2 d6
9.O-O Bd7 10.f3 Qb6 11.Qd2 Nxe4 12.Nxc6 Nxd2 13.Nxe7+ Kh8 14.Bxb6 Nxf1 15.Bf2
Bxc3 16.bxc3 Rae8 17.Bh4 Ne3 18.Bf6# 1-0

[Event "It (open)"]
[Site "masterchessopen.com – Tatranske Zruby (Slovakia)"]
[Date "2011.09.25"]
[Round "1"]
[White "Fejtek Petr (CZE)"]
[Black "Vermirovsky Vlastimil (CZE)"]
[Result "1-0"]
[WhiteElo "1903"]
[BlackElo "1994"]

1.e4 c5 2.c4 Nc6 3.Ne2 g6 4.d4 cxd4 5.Nxd4 Bg7 6.Be3 Nf6 7.Nc3 O-O 8.Be2 d6
9.O-O Ng4 10.Bxg4 Bxg4 11.Nxc6 Bxd1 12.Nxd8 Bc2 13.Rac1 Bd3 14.Rfd1 Bxc4
15.Nxb7 Rfb8 16.Na5 Be6 17.b3 {#r} 1-0

[Event "It (team)"]
[Site "masterchessopen.com – Bogota (Colombia)"]
[Date "2011.10.13"]
[Round "1"]
[White "Jaramillo Ochoa Mateo"]
[Black "Arenas David (COL)"]
[Result "0-1"]
[WhiteElo "1944"]
[BlackElo "2426"]

1.e4 c5 2.Nf3 g6 3.d4 cxd4 4.Nxd4 Bg7 5.c4 Nc6 6.Be3 Nf6 7.Nc3 d6 8.Be2 O-O
9.O-O Bd7 10.f3 Nxd4 11.Bxd4 Bc6 12.Qd2 a6 13.b3 Nd7 14.Be3 Nc5 15.Rab1 Qb6
16.Rfc1 Rfc8 17.Rc2 Qd8 18.Bf1 h5 19.Qf2 {#R} 0-1

[Event "Tournament (Elo) (a)"]
[Site "masterchessopen.com – Budapest (Hungary)"]
[Date "2011.11.14"]
[Round "10"]
[White "Lee Kai Jie Edward (SIN)"]
[Black "Kristinsson Bjarni Jens (ISL)"]
[Result "1-0"]
[WhiteElo "2003"]
[BlackElo "2045"]

1.e4 c5 2.Nf3 g6 3.c4 Nc6 4.d4 cxd4 5.Nxd4 Bg7 6.Be3 Nf6 7.Nc3 d6 8.f3 O-O
9.Qd2 Rb8 10.Be2 a6 11.O-O Qc7 12.Rac1 e6 13.a3 Na5 14.b4 Nc6 15.Rfd1 Rd8
16.Na4 b6 17.Nb5 Qe7 18.Nxd6 Bf8 19.Nxc8 Qc7 20.Qc3 Bg7 21.Rxd8+ Nxd8 22.Bd4
Ng4 23.fxg4 e5 24.Bxb6 {#r} 1-0

[Event "Ch Germany (juniors) (club) (under 20)"]
[Site "masterchessopen.com – Osnabrueck (Germany)"]
[Date "2011.12.27"]
[Round "1"]
[White "Meissner Felix (GER)"]
[Black "Arndt Dominik (GER)"]
[Result "1-0"]
[WhiteElo "2291"]
[BlackElo "1947"]

1.e4 c5 2.Nf3 g6 3.d4 cxd4 4.Nxd4 Bg7 5.c4 Nc6 6.Be3 Nf6 7.Nc3 d6 8.f3 O-O
9.Nc2 Bd7 10.Be2 a5 11.Na3 Nb4 12.Nab5 Bc6 13.O-O Nd7 14.Qd2 Nc5 15.Rfd1 a4
16.Bf1 Qa5 17.Qf2 b6 18.a3 Nba6 19.Nd5 Bxb5 20.Bd2 Bd4 21.Nxe7+ {#r} 1-0

[Event "Ch Europe"]
[Site "masterchessopen.com – Plovdiv (Bulgaria)"]
[Date "2012.03.22"]
[Round "3"]
[White "Meyes Richard (GER)"]
[Black "Pop Alexandru (ROM)"]
[Result "0-1"]
[WhiteElo "1786"]
[BlackElo "2254"]

1.e4 c5 2.Nf3 Nc6 3.d4 cxd4 4.Nxd4 g6 5.c4 Bg7 6.Be3 Nf6 7.Nc3 O-O 8.Be2 d6
9.O-O Bd7 10.Qd2 Nxd4 11.Bxd4 Bc6 12.f3 a5 13.b3 Nd7 14.Be3 Nc5 15.Rab1 e6
16.Rfd1 Be5 17.Bf1 Qh4 18.g3 Qf6 19.Bxc5 dxc5 20.Na4 Qxf3 21.Nxc5 Rad8 22.Qxd8
Qe3+ 23.Kh1 Rxd8 24.Rxd8+ Kg7 {#R} 0-1

[Event "Ch Andalucia (juniors) (under 16)"]
[Site "masterchessopen.com – Islantilla (Spain)"]
[Date "2012.04.14"]
[Round "5"]
[White "Caballero Lobaton Lucas"]
[Black "Antunez Munoz Juan Jesus"]
[Result "1-0"]
[WhiteElo "1435"]
[BlackElo "1860"]

1.e4 c5 2.Nf3 g6 3.d4 cxd4 4.Nxd4 Bg7 5.c4 Nc6 6.Be3 Nf6 7.Nc3 d6 8.f3 O-O
9.Qd2 a5 10.Be2 a4 11.O-O Qa5 12.Rfd1 Bd7 13.Rac1 Rfc8 14.Ncb5 Nxd4 15.Nxd4
Qxd2 16.Rxd2 b5 17.Rdc2 bxc4 18.Bxc4 Ne8 19.b3 axb3 20.Bxb3 Rxc2 21.Rxc2 e6
{#r} 1-0

[Event "It (open)"]
[Site "masterchessopen.com – Forni di Sopra (Italy)"]
[Date "2012.06.18"]
[Round "3"]
[White "Zamengo Fulvio (ITA)"]
[Black "Partac Elena (MDA)"]
[Result "1-0"]
[WhiteElo "2045"]
[BlackElo "2129"]

1.e4 c5 2.Nf3 Nc6 3.d4 cxd4 4.Nxd4 g6 5.c4 Bg7 6.Be3 Nf6 7.Nc3 O-O 8.Be2 b6
9.O-O Bb7 10.f3 e6 11.f4 d5 12.e5 Nxd4 13.Bxd4 Ne4 14.Bf3 Rc8 15.cxd5 exd5
16.Qd3 f5 17.exf6 Bxf6 18.Bxf6 Nxf6 19.Rad1 Re8 20.f5 Kg7 21.Nxd5 Bxd5 22.Bxd5
Re5 {#r} 1-0

[Event "Tournament (juniors) (under 16)"]
[Site "masterchessopen.com – Mlada Boleslav (Czech Republic)"]
[Date "2012.06.23"]
[Round "2"]
[White "Havelka Jan"]
[Black "Maslo Ondrej"]
[Result "1-0"]
[WhiteElo "1762"]
[BlackElo "1485"]

1.e4 c5 2.Nf3 Nc6 3.d4 cxd4 4.Nxd4 g6 5.c4 Bg7 6.Be3 Nf6 7.Nc3 O-O 8.Be2 d6
9.f3 Qb6 10.Qd2 Nxe4 11.fxe4 Nxd4 12.Nd5 Qc5 13.b4 Nxe2 14.bxc5 e6 15.Ne7+ Kh8
16.Kxe2 {#r} 1-0

[Event "Ch Pan-American (amateurs)"]
[Site "masterchessopen.com – Cartagena (Colombia)"]
[Date "2012.07.05"]
[Round "3"]
[White "Fajardo David (HON)"]
[Black "Cuellar Jose Gabriel"]
[Result "1-0"]
[WhiteElo "1985"]
[BlackElo "1773"]

1.e4 c5 2.Nf3 Nc6 3.d4 cxd4 4.Nxd4 g6 5.c4 Bg7 6.Be3 Nf6 7.Nc3 a6 8.Be2 e6
9.Qd2 d5 10.cxd5 exd5 11.Nxc6 bxc6 12.Rd1 Be6 13.exd5 cxd5 14.Bc5 Qc7 15.Ba3
h5 16.O-O Bf8 17.Qd4 Bxa3 18.Qxf6 O-O 19.bxa3 Qc6 20.Bxh5 gxh5 21.Qg5+ Kh7
22.Qxh5+ Kg7 23.Qg5+ Kh7 24.Rd4 {#r} 1-0

[Event "It (open)"]
[Site "masterchessopen.com – Hamburg (Germany)"]
[Date "2012.07.08"]
[Round "2"]
[White "Huschenbeth Niclas (GER)"]
[Black "Hawranke Dietrich (GER)"]
[Result "1-0"]
[WhiteElo "2521"]
[BlackElo "2131"]

1.e4 c5 2.Nf3 Nc6 3.d4 cxd4 4.Nxd4 g6 5.c4 Bg7 6.Be3 Nf6 7.Nc3 d6 8.Be2 O-O
9.O-O Bd7 10.f3 Nxd4 11.Bxd4 a5 12.a3 Be6 13.f4 Rc8 14.b3 Bd7 15.e5 Ne8 16.Nd5
Bc6 17.Bb6 Qd7 18.Bxa5 Bxd5 19.Qxd5 Rc5 20.Qd2 {#r} 1-0

[Event "It \"]
[Site "masterchessopen.com – Penarth (Wales)"]
[Date "2012.07.08"]
[Round "3"]
[White "Jackson J"]
[Black "Thorpe Thomas"]
[Result "1-0"]
[WhiteElo "2126"]
[BlackElo "1829"]

1.e4 c5 2.Nf3 Nc6 3.d4 cxd4 4.Nxd4 g6 5.c4 Bg7 6.Be3 Nf6 7.Nc3 d6 8.Be2 O-O
9.O-O Nxd4 10.Bxd4 Bd7 11.Qd2 Bc6 12.f3 a5 13.b3 Nd7 14.Be3 Nc5 15.Rab1 Qb6
16.Rfc1 Rfc8 17.Bf1 Qb4 18.Kh1 Rc7 19.Nd5 Bxd5 20.cxd5 b6 21.Qf2 Na6 22.Bxa6
Rxc1+ 23.Rxc1 Rxa6 24.Rc8+ {#r} 1-0

[Event "It (open)"]
[Site "masterchessopen.com – Anogia (Greece)"]
[Round "2"]
[White "Papadopoulos Argirios (GRE)"]
[Black "Kondou Eva (GRE)"]
[Result "1-0"]
[WhiteElo "1783"]
[BlackElo "2192"]

1.e4 c5 2.Nf3 Nc6 3.d4 cxd4 4.Nxd4 g6 5.c4 Bg7 6.Be3 Nf6 7.Nc3 d6 8.f3 O-O
9.Qd2 Qa5 10.Be2 Bd7 11.Rc1 Rfe8 12.b3 Qh5 13.Ndb5 Rec8 14.Nd5 Kf8 15.g4 Bxg4
16.fxg4 Qh4+ 17.Bf2 Qxf2+ 18.Kxf2 Nxe4+ 19.Ke1 Nxd2 20.Kxd2 e6 21.Ne3 Rd8
22.h4 f5 23.Nc7 {#r} 1-0

[Event "Ch Germany (seniors)"]
[Site "masterchessopen.com – Dresden (Germany)"]
[Date "2012.08.10"]
[Round "2"]
[White "Goerden H"]
[Black "Andersen Kaare Vissing (DEN)"]
[Result "0-1"]
[WhiteElo "1938"]
[BlackElo "2130"]

1.e4 c5 2.c4 g6 3.Nf3 Bg7 4.d4 cxd4 5.Nxd4 Nc6 6.Be3 Nf6 7.Nc3 O-O 8.Be2 d6
9.Nxc6 bxc6 10.O-O c5 11.f4 Bb7 12.Bf3 Nd7 13.Qd2 Nb6 14.b3 a5 15.Rad1 a4
16.e5 Bxf3 17.Rxf3 axb3 18.axb3 dxe5 19.Qf2 Nd7 20.Bxc5 exf4 21.Rfd3 Bxc3
22.Rxc3 Nxc5 {#R} 0-1

[Event "It (open)"]
[Site "masterchessopen.com – Latschach (Austria)"]
[Date "2012.08.12"]
[Round "3"]
[White "Breedveld Andre (NED)"]
[Black "Gagare Shardul (IND)"]
[Result "0-1"]
[WhiteElo "2093"]
[BlackElo "2287"]

1.c4 c5 2.Nf3 Nc6 3.d4 cxd4 4.Nxd4 g6 5.e4 Bg7 6.Be3 Nf6 7.Nc3 O-O 8.Be2 b6
9.O-O Bb7 10.f3 e6 11.Ndb5 d5 12.cxd5 exd5 13.exd5 Nb4 14.d6 Nfd5 15.Nxd5 Nxd5
16.Bd4 Qg5 17.Rf2 Bxd4 18.Qxd4 Nf4 19.Nc7 Rac8 20.Kh1 Rfd8 21.Qb4 Qe5 22.Ba6
Bxa6 {#R} 0-1

[Event "Ch Europe (juniors) (under 14) (g)"]
[Site "masterchessopen.com – Prague (Czech Republic)"]
[Date "2012.08.25"]
[Round "9"]
[White "Dyakonova Ekaterina"]
[Black "Kubosova Jana"]
[Result "1-0"]
[WhiteElo "1921"]
[BlackElo "1497"]

1.e4 c5 2.Nf3 Nc6 3.d4 cxd4 4.Nxd4 g6 5.c4 Bg7 6.Be3 Nf6 7.Nc3 O-O 8.Be2 d6
9.O-O Bd7 10.Qd2 Nxd4 11.Bxd4 Bc6 12.f3 Nd7 13.Bxg7 Kxg7 14.Kh1 a5 15.b3 Nc5
16.Qd4+ Kg8 17.Nd5 Bxd5 18.cxd5 Re8 19.f4 f5 20.Bf3 Qb6 21.g4 fxg4 22.Bxg4 Nd7
23.Be6+ Kf8 24.Qh8# 1-0